Studies in ancient technology /

محفوظ في:

المؤلف الرئيسي: Forbes, R. J. 1900-1973 (مؤلف)

التنسيق: كتاب

اللغة: English

الطبعة: Second edition.

الموضوعات:

الوسوم: إضافة وسم

لا توجد وسوم, كن أول من يضع وسما على هذه التسجيلة!

رقم الطلب: T15 .F728 1971 v.8

LEADER 00801nam a22002537a 4500
003 OSt
005 20251222084149.0
008 251222t1971 ne ab g b 000 0 eng d
040 |a ARCE library  |c BUF  |d OCL 
050 1 4 |a T15  |b .F728 1971 v.8 
100 1 |a Forbes, R. J.  |q (Robert James),  |d 1900-1973,  |e author. 
245 1 0 |a Studies in ancient technology /  |c by R. J. Forbes. 
246 3 |a Ancient technology 
250 |a Second edition. 
264 1 |a Leiden :  |b E. J. Brill,  |c 1971. 
300 |a 295 pages :  |b illustrations, map ;  |c 25 cm 
336 |a text  |b txt  |2 rdacontent 
337 |a unmediated  |b n  |2 rdamedia 
338 |a volume  |b nc  |2 rdacarrier 
504 |a Includes bibliographical references.  
650 0 |a Technology  |x History. 
740 0 |a Ancient technology. 
942 |c BK  |2 lcc 
999 |c 29750  |d 29750